000 00254nam a22000977a 4500
999 _c11720
_d11720
008 200110b ||||| |||| 00| 0 eng d
020 _a9780590410564
100 _aSchmidt Karen
_97410
245 _aThe Ginger Bread Man
260 _aNew York
_bScholastic
_c1985